00331nam a2200109Ia 4500008004100000082000800041100002300049245003300072942000600105952009500111999001500206240331s9999 xx 000 0 und d bVIT aViththiyananthan,S 0aViththien parvaiyum pathivum cL 001040708LaWERCLbWERCLcSSCd2024-03-31l0o 808 VITp4129r2024-03-31w2024-03-31yL c5122d5122